Southville International School and Colleges
Your cart is empty.
  • Cart
  • Lists
    Public lists Eva Luna New books Lux_list list_1
    Your lists Log in to create your own lists
  • Log in to your account
  • Your cookies
  • Search history
Southville International School and Colleges
  • Advanced search
  • Recent comments
  • Most popular
  • Libraries

Log in to your account

Log in with GOOGLE


If you do not have an external account, but do have a local account, you can still log in:

  1. Home
  2. MARC view: What to drink with what you eat :
Normal view MARC view ISBD view

What to drink with what you eat : (Record no. 300659)

[ view plain ]
MARC details
000 -LEADER
fixed length control field 00787nam a2200241Ia 4500
008 - FIXED-LENGTH DATA ELEMENTS--GENERAL INFORMATION
fixed length control field 160819s9999 xx 000 0 und d
020 ## - INTERNATIONAL STANDARD BOOK NUMBER
International Standard Book Number 978-0-8212-5718-0
050 ## - LIBRARY OF CONGRESS CALL NUMBER
Classification number CUL TX 714
050 ## - LIBRARY OF CONGRESS CALL NUMBER
Item number .D67 2006
100 ## - MAIN ENTRY--PERSONAL NAME
Personal name Dornenburg, Andrew.
245 ## - TITLE STATEMENT
Title What to drink with what you eat :
245 ## - TITLE STATEMENT
Remainder of title the definitive guide to pairing food with wine, beer, sprits, coffee, tea - even water - based on expert advice from America's best sommeliers /
245 ## - TITLE STATEMENT
Statement of responsibility, etc Andrew Dornenburg and Karen Page; photographs by Michael Sofronski.
260 ## - PUBLICATION, DISTRIBUTION, ETC. (IMPRINT)
Place of publication, distribution, etc New York :
260 ## - PUBLICATION, DISTRIBUTION, ETC. (IMPRINT)
Name of publisher, distributor, etc Bulfinch Press,
260 ## - PUBLICATION, DISTRIBUTION, ETC. (IMPRINT)
Date of publication, distribution, etc 2006
300 ## - PHYSICAL DESCRIPTION
Extent 356 pages :
300 ## - PHYSICAL DESCRIPTION
Other physical details color illustrations ;
300 ## - PHYSICAL DESCRIPTION
Dimensions 26 cm.
650 ## - SUBJECT ADDED ENTRY--TOPICAL TERM
Topical term or geographic name as entry element Beverages.
650 ## - SUBJECT ADDED ENTRY--TOPICAL TERM
Topical term or geographic name as entry element Cookery.
650 ## - SUBJECT ADDED ENTRY--TOPICAL TERM
General subdivision Wine and wine making.
Holdings
Withdrawn status Lost status Damaged status Home library Current library Shelving location Date acquired Total Checkouts Full call number Barcode Date last seen Price effective from Koha item type
      South Mansfield College South Mansfield College   01/10/2008   CUL TX 714 .D67 2006 SMC04040 08/19/2016 08/19/2016  

What to drink with what you eat :

APA

Dornenburg A., .What to drink with what you eat. New York: .

Chicago

Dornenburg Andrew, .What to drink with what you eat. New York: .

Harvard

Dornenburg A., .What to drink with what you eat. New York: .

MLA

Dornenburg Andrew, .New York: . .

  • Place hold
  • Print
  • Cite
  • Add to your cart (remove)
  • Save record
    BIBTEX Dublin Core MARCXML MARC (non-Unicode/MARC-8) MARC (Unicode/UTF-8) MARC (Unicode/UTF-8, Standard) MODS (XML) RIS
  • More searches
    Search for this title in:
    Other Libraries (WorldCat) Other Databases (Google Scholar) Online Stores (Bookfinder.com) Open Library (openlibrary.org)

Exporting to Dublin Core...

SOUTHVILLE LIBRARY

Southville International School and Colleges Library

1281 Tropical Ave. Cor. Luxembourg St., BF Homes International, Las Pinas City

Tel. No. 8256374 / 252358 Loc. 117/146

Powered by Koha